Biggest US Airlines by fleet - Statistics

General Stats
  • This quiz has been taken 849 times
  • The average score is 9 of 26
Answer Stats
Airline # of aircraft in fleet % Correct
American Airlines 969
98%
Delta Air Lines 893
97%
United Airlines 773
92%
Southwest Airlines 751
90%
Alaska Airlines 233
79%
Spirit Air Lines 128
69%
JetBlue Airways 253
68%
Frontier Airlines 96
59%
Hawaiian Airlines 56
56%
Allegiant Air 81
37%
FedEx 687
36%
UPS 248
35%
Sun Country Airlines 30
25%
SkyWest Airlines 471
21%
Republic Airline 189
13%
Atlas Air 39
11%
Envoy Air 181
9%
Mesa Airlines 145
9%
Horizon Air 79
8%
Air Wisconsin Airlines 64
7%
PSA Airlines 135
6%
Endeavor Air 186
5%
GoJet 54
5%
ExpressJet Airlines 146
3%
Compass Airlines 56
2%
Jet Aviation Flight Services 48
1%
No matching quizzes found
Score Distribution
Percent of People with Each Score
Percentile by Number Answered
Your Score History
You have not taken this quiz